[Event "Warsaw YMCA Spring 48th"]
[Site "Warsaw"]
[Date "2008.04.18"]
[Round "3"]
[White "Luksik, Mateusz"]
[Black "Janczarski, Michal"]
[Result "1-0"]
[WhiteElo "2171"]
[BlackElo "2163"]
[PlyCount "93"]
[EventDate "2008.04.02"]
[EventType "tourn"]
[EventRounds "13"]
[EventCountry "POL"]
[SourceTitle "EXT 2019"]
[Source "ChessBase"]
[SourceDate "2018.10.10"]
[SourceVersion "1"]
[SourceVersionDate "2018.10.10"]
[SourceQuality "1"]

1. d4 d5 2. c4 c6 3. Nc3 e6 4. Nf3 dxc4 5. e3 b5 6. a4 Bb4 7. Ne5 Nf6 8. Qf3 Qd5 9. Qf4 Nbd7 10. Bd2 Bxc3 11. Bxc3 Bb7 12. Nxd7 Qxd7 13. e4 0-0 14. Be2 c5 15. d5 Nxe4 16. Qxe4 exd5 17. Qg4 f5 18. Qf4 d4 19. 0-0-0 Qe6 20. Rhe1 dxc3 21. bxc3 Qa6 22. Rd7 Bc6 23. Bxc4+ Kh8 24. Rxg7 Be4 25. Qe5 Qh6+ 26. Rg5+ Rf6 27. f4 bxc4 28. Re3 Rc8 29. Rh3 Qf8 30. Rg6 Rcc6 31. Rhh6 Qxh6 32. Rxh6 Kg7 33. Rh5 h6 34. Rh3 Kf7 35. Rg3 Rc8 36. a5 a6 37. h4 Bb7 38. h5 Re8 39. Qc7+ Re7 40. Rg7+ Kxg7 41. Qxe7+ Rf7 42. Qe5+ Kh7 43. g3 Be4 44. g4 Rb7 45. gxf5 Bd3 46. f6 Rb3 47. Kd1 1-0

[Event "Warsaw AIG Life rapid 7th"]
[Site "Warsaw"]
[Date "2007.12.15"]
[Round "2"]
[White "Macieja, Bartlomiej"]
[Black "Luksik, Mateusz"]
[Result "1-0"]
[WhiteElo "2606"]
[BlackElo "2175"]
[PlyCount "69"]
[EventDate "2007.12.15"]
[EventType "swiss (rapid)"]
[EventRounds "13"]
[EventCountry "POL"]
[SourceTitle "CBM 121 Extra"]
[Source "ChessBase"]
[SourceDate "2008.01.10"]
[SourceVersion "1"]
[SourceVersionDate "2008.01.10"]
[SourceQuality "1"]

1. e4 c6 2. d4 d5 3. e5 Bf5 4. Nc3 Qd7 5. Be2 e6 6. g4 Bg6 7. h4 h6 8. h5 Bh7 9. Be3 b5 10. Bd3 Bxd3 11. Qxd3 Na6 12. 0-0-0 Nb4 13. Qf1 a5 14. f4 Ne7 15. Kb1 a4 16. Nf3 Nc8 17. Nh4 Nb6 18. f5 Nc4 19. Bc1 Be7 20. fxe6 Qxe6 21. Nf5 Rg8 22. Ne2 Nxa2 23. Kxa2 b4 24. Kb1 Qc8 25. Ne3 Qa6 26. Nxc4 dxc4 27. d5 cxd5 28. Nf4 b3 29. Nxd5 Bd8 30. Rh3 g6 31. Nf6+ Bxf6 32. exf6 bxc2+ 33. Kxc2 gxh5 34. Qe2+ Qe6 35. Re3 1-0

[Event "Warsaw YMCA Autumn 42nd"]
[Site "Warsaw"]
[Date "2007.12.05"]
[Round "10"]
[White "Luksik, Mateusz"]
[Black "Gacek, Waldemar"]
[Result "1-0"]
[WhiteElo "2150"]
[BlackElo "2091"]
[PlyCount "59"]
[EventDate "2007.09.26"]
[EventType "tourn"]
[EventRounds "11"]
[EventCountry "POL"]
[SourceTitle "EXT 2019"]
[Source "ChessBase"]
[SourceDate "2018.10.10"]
[SourceVersion "1"]
[SourceVersionDate "2018.10.10"]
[SourceQuality "1"]

1. e4 c6 2. Nc3 d5 3. Qf3 dxe4 4. Nxe4 Nd7 5. d4 Ndf6 6. Nxf6+ Nxf6 7. Be3 Bg4 8. Qg3 e6 9. Nf3 Qa5+ 10. c3 Bf5 11. Nd2 Ne4 12. Nxe4 Bxe4 13. Qe5 Qxe5 14. dxe5 Be7 15. 0-0-0 a6 16. f3 Bg6 17. h4 f6 18. Bc4 Bf7 19. exf6 gxf6 20. Bb6 Bd8 21. Bf2 Bc7 22. Rhe1 Be5 23. g3 Rd8 24. Rxd8+ Kxd8 25. f4 Bd6 26. Bxe6 Bxe6 27. Rxe6 Be7 28. Bd4 Rf8 29. Rxe7 Kxe7 30. Bc5+ 1-0

[Event "Warsaw YMCA Autumn 42nd"]
[Site "Warsaw"]
[Date "2007.11.02"]
[Round "6"]
[White "Proszynski, Waldemar"]
[Black "Luksik, Mateusz"]
[Result "0-1"]
[WhiteElo "2078"]
[BlackElo "2150"]
[PlyCount "110"]
[EventDate "2007.09.26"]
[EventType "tourn"]
[EventRounds "11"]
[EventCountry "POL"]
[SourceTitle "EXT 2019"]
[Source "ChessBase"]
[SourceDate "2018.10.10"]
[SourceVersion "1"]
[SourceVersionDate "2018.10.10"]
[SourceQuality "1"]

1. d4 d5 2. Nf3 c6 3. e3 g6 4. c4 Bg7 5. Nc3 Nf6 6. cxd5 cxd5 7. Bb5+ Bd7 8. Qb3 Bxb5 9. Qxb5+ Qd7 10. Ne5 Qxb5 11. Nxb5 Na6 12. a3 Nd7 13. f4 f5 14. Bd2 Nxe5 15. fxe5 Kd7 16. Rc1 Rhc8 17. Ke2 Rc6 18. b4 Nc7 19. Nxc7 Rxc7 20. Rxc7+ Kxc7 21. Kd3 a6 22. Rc1+ Kd7 23. Kc3 Rc8+ 24. Kb3 Rxc1 25. Bxc1 Bh6 26. Ka4 Kc6 27. Kb3 g5 28. g3 g4 29. Bd2 Bf8 30. Bc1 h5 31. Bd2 Bh6 32. a4 Bg5 33. Kc3 h4 34. Kd3 e6 35. Kc3 h3 36. Kd3 Be7 37. Be1 Bd8 38. Bd2 Kb6 39. Be1 Bg5 40. Bd2 Kc6 41. Be1 Kd7 42. Bd2 Ke7 43. Ke2 Ke8 44. Kf2 Kd7 45. Ke2 Kc7 46. Kd3 Kb6 47. Kc3 Ka7 48. Kd3 Be7 49. Kc3 Bg5 50. Kb3 Bd8 51. Kc2 Bb6 52. Kd3 Kb8 53. Bc1 Kc8 54. Bd2 Bd8 55. Bc1 Bh4 0-1